000 01187nam0a22002771 4500
001 rc\4586449
005 20260406235027.0
021 _aRU
_b68-21278
021 _aRU
_bРг2702-68
035 _a(NLR Aleph) 008381673
090 _a9121582
_c9121582
100 _a20130416d1968 |||y0rusy50 ca
101 0 _arus
102 _aRU
105 _ay z |||||
200 1 _aМетодика разработки планов научной организации труда (НОТ) на предприятиях коммунального хозяйства края
_fУпр. коммун. хоз-ва Краснодарского крайисполкома
210 _aКраснодар
_cБ. и.
_d1968
215 _a56 с.
_d20
300 _aНа обороте тит. л. авт. разработки: инж. Тетерко В.И.
702 1 _aТетерко
_bВ.И.
_gВиктор Иванович
_4570
712 0 2 _aКраснодарское краевое управление коммунального хозяйства
_3RU\NLR\AUTH\889988765
_9473069
801 0 _aRU
_bNLR
_gpsbo
801 1 _aRU
_bELAR
_2rusmarc
852 _aNLR
_j68-4/6937
942 _cBOOK
980 _aNB